| 000 | 00697nam a2200205Ii 4500 | ||
|---|---|---|---|
| 003 | JO-AjNU | ||
| 008 | 230605s9999||||xx |||||||||||||| ||und|| | ||
| 040 |
_aJO-AjNU _bara _erda _cJO-AjNU |
||
| 041 | _aara | ||
| 050 | 1 | 4 | _aHQ525.I8. K5222 2003 |
| 100 | 3 |
_aتأليف: الكبيسي، أحمد, _eauthor _921046 |
|
| 245 | 0 | 0 | _aفلسفة نظام الاسرة في الاسلام |
| 250 | _aط1 | ||
| 264 | 3 | 1 | _aالعين: دار الكتاب الجامعي، 2003 |
| 300 | _a226ص | ||
| 336 |
_atext _btxt _2rdacontent |
||
| 337 |
_aunmediated _bn _2rdamedia |
||
| 338 |
_avolume _bnc _2rdacarrier |
||
| 650 | 4 |
_aالأسرة في الإسلام - الاصلاح الاجتماعي _921047 |
|
| 999 |
_aA7246 _c10814 _d10814 |
||